The best philippine short stories of the twentieth century:an anthology of fiction in english (Record no. 2229)

MARC details
000 -LEADER
fixed length control field 00583nam a22001817a 4500
003 - CONTROL NUMBER IDENTIFIER
control field URS
005 - DATE AND TIME OF LATEST TRANSACTION
control field 20220114142043.0
008 - FIXED-LENGTH DATA ELEMENTS--GENERAL INFORMATION
fixed length control field 200211s2000 ph |||| |||| 00| 0 eng d
020 ## - INTERNATIONAL STANDARD BOOK NUMBER
International Standard Book Number 9716301251
040 ## - CATALOGING SOURCE
Transcribing agency URS
Language of cataloging eng
Modifying agency rda
050 14 - LIBRARY OF CONGRESS CALL NUMBER
Classification number PR 1286
Item number .B5611 2000
100 1# - MAIN ENTRY--PERSONAL NAME
Personal name Cruz,Isagani R.
245 04 - TITLE STATEMENT
Title The best philippine short stories of the twentieth century:an anthology of fiction in english
Remainder of title an anthology of fiction in english/
Statement of responsibility, etc. Isagani R. Cruz
260 ## - PUBLICATION, DISTRIBUTION, ETC.
Place of publication, distribution, etc. MakatiCity:
Name of publisher, distributor, etc. Tahanan Books;
Date of publication, distribution, etc. [2000]
300 ## - PHYSICAL DESCRIPTION
Extent ix 730 pages
Dimensions 24 cm.
650 ## - SUBJECT ADDED ENTRY--TOPICAL TERM
Topical term or geographic name entry element Short Stories
942 ## - ADDED ENTRY ELEMENTS (KOHA)
Source of classification or shelving scheme Library of Congress Classification
Koha item type Filipiniana
Holdings
Withdrawn status Source of classification or shelving scheme Damaged status Not for loan Collection code Home library Current library Shelving location Date acquired Total Checkouts Full call number Barcode Date last seen Price effective from Koha item type
  Library of Congress Classification     Non-fiction Cainta College Library Cainta College Library On Display 10/10/2017   PR 1286.B5611 2000 URSCAI-3276 10/10/2017 10/10/2017 Filipiniana

University of Rizal System
Email us at univlibservices@urs.edu.ph

Visit our Website www.urs.edu.ph/library